| 000 | 00914 a2200241 4500 | ||
|---|---|---|---|
| 008 | 080821t xxu||||| |||| 00| 0 eng d | ||
| 010 | _aENG-85035 | ||
| 020 |
_a8180541525 _c195.00 |
||
| 035 | _aEN-68568 | ||
| 037 | _bD.B.Act / Pub | ||
| 082 | _a658.4038 | ||
| 100 | _aPrasad, L. M. | ||
| 245 |
_aInformation system and technology _cby L. M. Prasad and Usha Prasad |
||
| 260 |
_aNew Delhi _bSultan Chand and Sons _c2006 |
||
| 270 |
_a23, Darya Ganj, _bNew Delhi _cDelhi _e110002 _k23266105 _l23266357 |
||
| 300 |
_aVarious pagings _c24 cm (Pbk) |
||
| 500 | _aIncludes index | ||
| 650 | _aInformation systems | ||
| 650 | _aInformation technology | ||
| 700 | _aPrasad, Usha | ||
| 942 |
_adpl _cEN _k658.4038 / PRA _2ddc _h658.4038 _mPRA |
||
| 999 |
_c936 _d936 |
||